100 rokov slovenského ochotníckeho divadla v Nových Zámkoch 1919-2019

Bibliographic Details
Main Author: Palacka, Jozef (Author)
Format: Book
Language:Slovak
PhysicalDescription:172 strán faksimile, fotografie, tabuľky 30 cm
Published: Nové Zámky DMC, s.r.o. 2019
ISBN:9788097296339
Edition:Vydanie prvé
Subjects:

MARC

LEADER 00000cam a2200000 4500
001 vtls011908207
003 SK-MaSNL
005 20260301225150.0
008 230629s2019 xo hoa gr 000 0 slo
015 |a SNBA2020/06 
020 |a 9788097296339  |q (brožované) 
035 |a urn:nbn:sk:snk-am00edur 
035 |a urn:nbn:sk:snk-am3ih5i 
035 |a 8E9785FC-CECC-4A6A-A5E9-A951B63ECAE6 
040 |a SNK  |b slo  |c SNK  |e rda 
041 0 |a slo 
043 |a e-xo--- 
044 |a xo  |c SK 
072 7 |a 792  |x Divadlo. Divadelné predstavenia  |2 konspekt 
080 |a 792.077  |2 2011 
080 |a 792(091)  |2 2011 
080 |a 792.2/.8  |2 2011 
080 |a (437.6)  |2 2011 
080 |a (048.8)  |2 2011 
100 1 |a Palacka, Jozef  |4 aut  |9 618369 
245 1 0 |a 100 rokov slovenského ochotníckeho divadla v Nových Zámkoch  |b 1919-2019  |c Jozef Palacka a kolektív 
246 3 |a Sto rokov slovenského ochotníckeho divadla v Nových Zámkoch  |b 1919-2019 
250 |a Vydanie prvé 
264 1 |a Nové Zámky  |b DMC, s.r.o.  |c 2019 
300 |a 172 strán  |b faksimile, fotografie, tabuľky  |c 30 cm 
336 |a text  |b txt  |2 rdacontent 
336 |a statický obraz  |b sti  |2 rdacontent 
337 |a bez média  |b n  |2 rdamedia 
338 |a zväzok  |b nc  |2 rdacarrier 
366 |e 100 kusov 
648 7 |a 1919-2019  |2 SNKPH  |9 362455 
650 0 7 |a ochotnícke divadlo  |2 SNKPH  |9 3349 
650 0 7 |a dejiny divadla  |2 SNKPH  |9 83390 
650 0 7 |a Amateur theater  |2 SNKPHeng  |9 266162 
650 0 7 |a History of theater  |2 SNKPHeng  |9 278279 
650 0 7 |a divadelné inscenácie  |2 SNKPH  |9 3326 
650 0 7 |a Theater stages  |2 SNKPHeng  |9 132355 
651 7 |a Nové Zámky (Slovensko)  |2 SNKPHgeo  |9 15884 
651 7 |a Nové Zámky (Slovakia)  |2 SNKPHeng  |9 351241 
655 7 |a monografie  |2 SNKPH  |9 70139 
655 7 |a Monographs  |2 SNKPHeng  |9 120675 
919 |a 978-80-972963-3-9 
999 |c 949949  |d 951879 
952 |a SNK  |b SNK  |y PREZ  |7 0  |p 17A1413122  |o snkSB 95012  |i snk2019/32490  |8 0  |0 0  |1 0  |4 0  |d 2019-12-19  |f 1  |l 0  |r 2025-05-15 00:00:00  |w 2026-02-24 
952 |a SNK  |b SNK  |y VYP  |7 0  |p 17A1413123  |o snkSB 95012 D1  |i snk2019/32491  |8 0  |0 0  |1 0  |4 0  |d 2019-12-19  |l 0  |r 2026-02-24 09:45:36  |w 2026-02-24